Owners and earnings : voyage of discovery (Record no. 3539)

MARC details
000 -LEADER
fixed length control field 00918cab a2200205 4500
001 - CONTROL NUMBER
control field ABS37654
008 - FIXED-LENGTH DATA ELEMENTS--GENERAL INFORMATION
fixed length control field 090401t1987 xxu||||| |||| 00| 0 eng d
035 ## - SYSTEM CONTROL NUMBER
System control number (Sirsi) u5913
041 ## - LANGUAGE CODE
Language code of text/sound track or separate title eng
100 ## - MAIN ENTRY--PERSONAL NAME
Personal name Smith, K.
245 ## - TITLE STATEMENT
Title Owners and earnings : voyage of discovery
260 ## - PUBLICATION, DISTRIBUTION, ETC.
Date of publication, distribution, etc. 1987
350 ## - PRICE (NR) (BK AM CF MU VM SE) [OBSOLETE]
Price 0
490 ## - SERIES STATEMENT
Series statement Contract Journal
Volume/sequential designation 14 May 1987, 14-18(4)
520 ## - SUMMARY, ETC.
Summary, etc. An examination of company ownership of some of the largest UK groups involved in contracting or housebuilding . Includes names of chairman and directors, turnover figures, the different divisions of the firms and their subsidiaries. Companies covered are; Trafalgar House , Amec , John Laing , Tarmac , CH Beazer , Costain Group , Barratt Developments , George Wimpey , Newarthill , John Mowlem , Bicc , P&O , and Taylor Woodrow .
650 ## - SUBJECT ADDED ENTRY--TOPICAL TERM
Topical term or geographic name entry element COMPANY INFORMATION
690 ## - LOCAL SUBJECT ADDED ENTRY--TOPICAL TERM (OCLC, RLIN)
Topical term or geographic name as entry element BUILT ENVIRONMENT
942 ## - ADDED ENTRY ELEMENTS (KOHA)
Suppress in OPAC 0
948 ## - LOCAL PROCESSING INFORMATION (OCLC); SERIES PART DESIGNATOR (RLIN)
c (OCLC) 04/03/1997
Holdings
Withdrawn status Lost status Source of classification or shelving scheme Damaged status Not for loan Home library Current library Shelving location Date acquired Total Checkouts Full call number Barcode Date last seen Copy number Price effective from Koha item type
    Dewey Decimal Classification     London London Journal article 14/09/1999   ABS37654 5913-1001 06/08/2019 1 06/08/2019 Journal article